| 000 | 00790cab a2200241 4500 | ||
|---|---|---|---|
| 001 | ABS57503 | ||
| 008 | 090401t1997 xxu||||| |||| 00| 0 eng d | ||
| 035 | _a(Sirsi) u80241 | ||
| 041 | _aeng | ||
| 100 | _aNorth, L | ||
| 245 | _aAppraisal practice in Central and Eastern Europe | ||
| 260 | _c1997 | ||
| 350 | _a0 | ||
| 490 |
_aThe Canadian Appraiser _v41(2) Summer 1997, 36-42(7) |
||
| 520 | _aThe first part of a series looking at valuation practice in Central and Eastern Europe. Considers the history of valuations in these countries, the profession and the rebirth of appraisal activity. | ||
| 650 | _aCENTRAL EUROPE | ||
| 650 | _aEASTERN EUROPE | ||
| 650 | _aVALUATION PRACTICE | ||
| 650 | _aVALUERS | ||
| 690 | _aOVERSEAS-EUROPE | ||
| 942 | _n0 | ||
| 948 | _c13/08/1997 | ||
| 999 |
_c50510 _d50510 |
||